000 01044cam a22002531i 4500
003 OSt
005 20260510131031.0
008 260421s2016 jo g 000 0 ara c
040 _aSA-JeALM
_bara
_cSA-RiAUC
_erda
082 0 4 _a243
_qSA-RiAUC
090 _a243
_bف ا س
100 1 _aالفاسية، خديجة الإدريسية
_eمؤلف.
245 1 2 _aالبركة والتبرك /
_bمن ذهبيات الحافظ الذهبي المتوفى سنة 748 هـ قراءة عابرة في سير أعلام النبلاء
_cتأليف خديجة الإدريسية الفاسية
250 _aالطبعة الاولى.
264 1 _a[مكان النشر غير محدد] :
_bخديجة الادريسية الفاسية،
_c2002
300 _a243 صفحة .
_c24 سم.
336 _aنص
_btxt
_2rdacontent
_3كتاب
337 _aبدون وسيط
_bn
_2rdamedia
650 7 _aالبركات
_2aucsh
650 7 _aالشفاعة
_2aucsh
650 _aالتوسل
942 _2ddc
_cBOOK
_n0
949 _aSA-JeALM
_d260421
_uosman123
_n1
999 _c14889
_d14889